| 000 | 00764nam a2200241 a 4500 | ||
|---|---|---|---|
| 999 |
_c7619 _d7619 |
||
| 003 | OSt | ||
| 005 | 20211228110706.0 | ||
| 008 | 020909s2002 spcado || o000 ||cat | ||
| 015 |
_aLL2002 _2bnc |
||
| 035 | _a(ES-BaCBU).b28375324 | ||
| 035 | _a(OCoLC)807556565 | ||
| 040 |
_aES-BaBC _bcat _cCDMR |
||
| 043 |
_ae-sp--- _be-spcpa _2catmarc |
||
| 080 | _a654.191(467.1 PeA Vilafranca del Penedès)(091) | ||
| 245 | 0 | 0 |
_a20 anys de Ràdio Vilafranca [Recurs electrònic] : _b1982-2002 / |
| 260 |
_aVilafranca del Penedès : _bSercom, _c[2002?] |
||
| 300 | _a1 disc òptic | ||
| 610 | 2 | 7 |
_aRàdio Vilafranca _xHistòria. _2lemac |
| 907 |
_a.b28375324 _b01-03-21 _c08-05-08 _d07-05-08 _em _fa _g- _hcat _ispc _j0 _k1 |
||
| 908 |
_aBC _aURV |
||
| 940 | _aBC | ||
| 942 |
_2udc _cADV |
||